|
|
|
|
| LEADER |
00833nam a2200241 a 4500 |
| 001 |
c000050712 |
| 003 |
CARM |
| 005 |
00000000000000.0 |
| 008 |
840125s1978 enk 00011 eng d |
| 019 |
1 |
|
|a 3001110
|5 LACONCORD2021
|
| 020 |
|
|
|a 0140049223
|
| 035 |
|
|
|a (OCoLC)16443347
|5 LACONCORD2021
|
| 040 |
|
|
|a VDU
|c VDU
|
| 041 |
1 |
|
|a engspa
|
| 082 |
1 |
|
|a 863.64
|2 19
|
| 100 |
1 |
|
|a Fuentes, Carlos.
|
| 240 |
1 |
0 |
|a Terra nostra.
|l English
|
| 245 |
1 |
0 |
|a Terra nostra /
|c Carlos Fuentes ; translated by Margaret Sayers Peden.
|
| 260 |
|
|
|a Harmondsworth :
|b Penguin,
|c 1978.
|
| 300 |
|
|
|a 890 p. ;
|c 18 cm.
|
| 852 |
8 |
|
|b CARM
|h A2:AG15G0
|i A00584
|p 0087676
|f BK
|
| 999 |
f |
f |
|i 35f34f02-5fce-51db-a7f4-07aec2869301
|s 783d9cf1-9027-5062-9286-6b09f42acd83
|
| 952 |
f |
f |
|p Can circulate
|a CAVAL
|b CAVAL
|c CAVAL
|d CARM 1 Store
|e A00584
|f A2:AG15G0
|h Other scheme
|i book
|m 0087676
|